Statistiques concernant les pokemon de la 5g

Cliquez ici pour prendre le quiz!

Statistiques générales

  • Ce quiz a été pris 281 fois
  • Le résultat moyen est 110 sur 156

Statistiques - réponses

HintRéponse% Correct
feu combatroitiflam
96%
plantevipelierre
96%
eauclamiral
95%
feugruikui
95%
feu combatgrotichon
94%
eaumoustillon
94%
feu psyvictini
94%
plantemajaspic
93%
plantelianaja
91%
plantefeuillajou
90%
feuflamoutan
90%
normalmiradar
90%
normal volpoichigeon
90%
normalratentif
90%
feuflamajou
89%
eauflotajou
89%
eauflotoutan
89%
dragon electrikzekrom
89%
dragon feureshiram
88%
normal voldeflaisan
87%
eaumateloutre
87%
psymunna
87%
plantefeuiloutan
85%
dragon glacekyurem
85%
normalmastouffe
85%
normalponchien
85%
normalponchiot
85%
normal volcolombeau
83%
combatjudokrak
83%
rochenodulithe
83%
rochegigalithe
82%
psymushana
82%
combatkaraclee
81%
combatouvrifier
81%
insect poisonvenipatte
81%
combatbetochef
80%
combatcharpenti
80%
insect aciergenesect
80%
tenebrechacripan
79%
combat eaukeldeo
79%
tenebreleopardus
79%
insect feupyrax
79%
combat rocheterrakium
79%
electrikzebibron
79%
electrikzeblitz
79%
eau solbatracne
78%
combat aciercobaltium
78%
eau solcrapustule
78%
vol electrikfulguris
78%
plante insectmanternel
78%
insect poisonscobolide
78%
volboreas
77%
vol soldemeteros
77%
combat planteviridium
77%
eautritonde
76%
insect poisonbrutapode
75%
feudarumacho
75%
rochegeolithe
75%
dragon tenebretrioxhydre
75%
plante insectcouverdure
74%
sol tenebrecrocorible
74%
sol tenebremascaiman
74%
acier solminotaupe
74%
psynucleos
74%
glacesorbouboul
74%
glacesorboul
74%
dragon tenebrediamat
73%
electrik volemolga
73%
sol tenebreescroco
73%
feu spectrefunecire
73%
glacesorbebe
73%
dragon tenebresolochi
72%
insect electrikstatitik
72%
psy volchovsourir
71%
vol eaucouaneton
71%
feudarumarond
71%
psy normalmeloetta
71%
insect feupyronille
71%
solrototaupe
71%
dragoncoupenotte
70%
plante insectlarveyette
70%
insect electrikmygavolt
70%
feu spectrelugulabre
69%
psy volrhinolove
69%
aciertic
69%
acierclic
68%
aciercliticlic
68%
vol eaulakmecygne
68%
plante aciernoacier
68%
psysiderella
68%
dragontranchodon
68%
dragondrakkarmin
67%
plante feefarfaduvet
67%
insect acierfermite
67%
psysymbios
67%
insect rochecrabaraque
66%
insect rochecrabicoque
66%
plante aciergrindur
66%
glacehexagel
66%
psymeios
66%
glacepolagriffe
66%
glacepolarhume
66%
spectretutankafer
66%
psy volcryptero
65%
plante feedoudouvet
65%
sol electriklimonde
65%
psymesmerella
65%
combat tenebrebaggaid
63%
combat tenebrebaggiguane
63%
dragonincisache
63%
normalnanmeouie
63%
psyscrutella
63%
spectretutafeh
63%
roche volarkeapti
62%
roche eaucarapagos
62%
plantefragilady
62%
normal volgueriaigle
62%
feu spectremelancolux
62%
eau spectremoyade
62%
tenebre acierscalpion
62%
tenebre acierscalproie
62%
feuaflamanoir
60%
plantechlorobule
60%
electriklamperoie
60%
plantemaracachi
60%
electrikanchwatt
59%
eaubargantua
59%
tenebre volvaututrice
59%
eau spectreviskuse
59%
normal volfuraiglon
58%
sol spectregolemastoc
58%
roche eaumegapagos
58%
electrikohmassacre
58%
tenebre volvostourno
58%
normalchinchidou
57%
roche volaeropteryx
56%
plante normalhaydaim
56%
plante normalvivaldaim
56%
normalpashmilla
55%
sol spectregringolem
54%
insect acierlancargot
54%
tenebrezoroark
54%
tenebrezorua
54%
insectlimaspeed
52%
insectcarabing
51%
poisonmiasmax
51%
insectescargaume
49%
eaumamanbo
47%
poisonmiamiasme
47%
psylewsor
43%
combatshaofouine
43%
normalfrison
42%
plante poisongaulet
42%
psyneitram
42%
combatkungfouine
41%
plante poisontrompignon
40%

Distribution des résultats

Percentile par nombre de réponses

% des personnes avec chaque résultat

Votre développement - résultats

Vous n’avez pas pris ce quiz